LEADER 00762nab a2200133 i 4500 001 000000327413 003 CaOOAMICUS 005 20180831173541.0 008 180831n it uu u0 0ita r 013 $a38996 040 $aSeMil$bita 245 10$aComunità Propedeutica e del Biennio Teologico. Ambrogio, maestro di fede e di impegno civile. Il Pontificale per il patrono, seguito dal pomeriggio culturale. - In [rubrica] :$bNotizie dal Seminario. 773 0 $t Santo Padre confermi e orienti la nostra fede».$gp.26-27$w()290380 996 $6245$aComunità Propedeutica e del Biennio Teologico. Ambrogio, maestro di fede e di impegno civile. Il Pontificale per il patrono, seguito dal pomeriggio culturale. - In [rubrica] :$bNotizie dal Seminario.$9(OLS)http://semarc/title/416037 LEADER 00734nab a2200133 i 4500 001 000000327423 003 CaOOAMICUS 005 20180831173541.0 008 180831n it uu u0 0ita r 013 $a39008 040 $aSeMil$bita 245 10$aPer rileggere la propria vita pensando alla vocazione. Il prossimo 18 marzo prende avvio l'ormai consalidata proposta "Un coraggioso salto di qualità"... - In [rubrica] :$bUn coraggioso salto di qualità. 773 0 $tCarlo Acutis.$gp.4-6$w()290381 996 $6245$aPer rileggere la propria vita pensando alla vocazione. Il prossimo 18 marzo prende avvio l'ormai consalidata proposta "Un coraggioso salto di qualità"... - In [rubrica] :$bUn coraggioso salto di qualità.$9(OLS)http://semarc/title/416044